| 000 | 00497nam a22001817a 4500 | ||
|---|---|---|---|
| 003 | OSt | ||
| 005 | 20160127102849.0 | ||
| 008 | 130906t xxu||||| |||| 00| 0 eng d | ||
| 020 | _a9781863431965 | ||
| 050 |
_aTX 833.5 _b.H412 1997 |
||
| 082 |
_aHS 641.58 _bH32 1997 |
||
| 100 |
_aHay, Donna _916714 |
||
| 245 |
_aQuick and easy wok cooking _cAJB |
||
| 260 |
_aAutralia : _bAJB fairfax Press Publication, _cc1997. |
||
| 300 |
_a82 p. ; _bill. col. ; _c27 cm. |
||
| 942 |
_2lcc _cBK |
||
| 999 |
_c10549 _d10549 |
||